| 000 | 00624cam a22002174a 4500 | ||
|---|---|---|---|
| 999 |
_c5974 _d5974 |
||
| 001 | 18134 | ||
| 003 | BD-DhUAP | ||
| 005 | 20201223111341.0 | ||
| 008 | 201223r20082007ii ab b 001 0 eng | ||
| 020 | _a978812031464 | ||
| 040 |
_aDLC _cDLC _dBD-DhUAP |
||
| 082 | 0 | 0 |
_a658.4012 DAV _223 |
| 100 | _aDavid, Fred R. | ||
| 245 |
_aStrategic management : _bconcepts and cases / _cFred R. David. |
||
| 250 | _a11th ed. | ||
| 260 |
_aNew Delhi : _bPHI, _cc2007 [2008]. |
||
| 300 |
_axxxi, 393 pages : _billustrations ; _c26 cm. |
||
| 650 | 0 | _aStrategic planning. | |
| 650 | 0 |
_aStrategic planning _xCase studies. |
|
| 942 |
_2ddc _cBK |
||